[Event "VIE-ch U11"]
[Site "Hai Phong"]
[Date "2018.07.12"]
[Round "8"]
[White "Pham, Anh Kien1111"]
[Black "Le, Kiet Tuong"]
[Result "1-0"]
[WhiteElo "1906"]
[BlackElo "1897"]
[PlyCount "95"]
[EventDate "2018.07.07"]
[EventType "swiss"]
[EventRounds "9"]
[EventCountry "VIE"]
[SourceTitle "EXT 2019"]
[Source "ChessBase"]
[SourceDate "2018.10.10"]
[SourceVersion "1"]
[SourceVersionDate "2018.10.10"]
[SourceQuality "1"]

1. b3 e5 2. Bb2 Nc6 3. Nf3 f6 4. e4 Bc5 5. a3 a6 6. b4 Bb6 7. c4 d6 8. Qb3 Be6 9. Be2 Nge7 10. 0-0 0-0 11. Nc3 Nd4 12. Nxd4 Bxd4 13. Nd5 Bxd5 14. cxd5 Bxb2 15. Qxb2 f5 16. d3 Ng6 17. g3 Qg5 18. Qc1 Qxc1 19. Raxc1 Rac8 20. Rc2 Ne7 21. Rfc1 c6 22. dxc6 Nxc6 23. exf5 Nd4 24. Rxc8 Nxe2+ 25. Kf1 Nxc1 26. Rxc1 Rxf5 27. Ke2 g6 28. Ke3 Kg7 29. f3 Rf7 30. Ke4 Kf6 31. Kd5 Rd7 32. a4 h6 33. b5 axb5 34. axb5 Kf7 35. Rc8 h5 36. h4 Ke7 37. g4 hxg4 38. fxg4 Kf7 39. Rh8 Kf6 40. Rf8+ Ke7 41. Rh8 Kf6 42. b6 Kg7 43. Rc8 Kf7 44. Rc7 Ke7 45. h5 gxh5 46. gxh5 Rxc7 47. bxc7 Kd7 48. h6 1-0

[Event "VIE-ch U11"]
[Site "Hai Phong"]
[Date "2018.07.07"]
[Round "1"]
[White "Le, Kiet Tuong"]
[Black "Pham, Minh Hieu1111"]
[Result "1/2-1/2"]
[WhiteElo "1897"]
[BlackElo "1871"]
[PlyCount "81"]
[EventDate "2018.07.07"]
[EventType "swiss"]
[EventRounds "9"]
[EventCountry "VIE"]
[SourceTitle "EXT 2019"]
[Source "ChessBase"]
[SourceDate "2018.10.10"]
[SourceVersion "1"]
[SourceVersionDate "2018.10.10"]
[SourceQuality "1"]

1. e4 c5 2. c3 d5 3. e5 e6 4. d4 Nc6 5. Nf3 Bd7 6. Be2 Qb6 7. 0-0 cxd4 8. cxd4 Nge7 9. b3 Ng6 10. Be3 Be7 11. Nc3 0-0 12. Rc1 Rac8 13. h3 Rfe8 14. Bb5 a6 15. Bxc6 Bxc6 16. Kh1 Qc7 17. Bg5 Bf8 18. Re1 Qd7 19. Qd3 Bb4 20. Red1 h6 21. Bd2 Ba3 22. Rc2 Bf8 23. Rcc1 Qe7 24. Re1 Red8 25. Kg1 Qd7 26. Qe3 Be7 27. Kh1 b5 28. Ne2 Bb7 29. Nf4 Nxf4 30. Qxf4 Rxc1 31. Rxc1 Rc8 32. Qe3 Rxc1+ 33. Bxc1 Qc7 34. Qd2 a5 35. Bb2 b4 36. Kg1 Ba6 37. Ne1 Qb6 38. Qc1 Qb5 39. Kh2 Qb6 40. Nf3 Qb7 41. Qc2 1/2-1/2